00711nam a2200229 a 4500001001300000003000900013005001700022008004100039020001000080082001900090100001700109245007300126260004100199300000900240500003500249650002800284700001700312902000800329942000700337952012000344999001700464nice12345678IN_TiNIC20260116013526.0070829s1987 dela grp 000 0 eng  ac16000a305.80954bNAN aNandy, Ashis aTraditions, Tyranny and Utopiasb Essays in the Politics of Awarenes aDelhibOxford University Pressc1987 a168p aincludes index and biblioraphy aIndia-Social Conditions1 aNandy, Ashis bSRS cBK 001040708StackRoom-aHMIbHMId2007-08-29g160.00l0o305.80954 NANp016907r2017-08-21v160.00w2007-08-29yBK c11328d11328